000
00176 a2200097 4500
041
_a
eng
100
_a
anonimo
245
_a
Beautiful Holiday Ideas
942
_c
BK
952
_7
1
999
_c
23018
_d
23018